The Battle of the Bulge. (Запис № 472161)

МАРК-запис
000 -LEADER
fixed length control field 01464cam a2200325I 4500
001 - CONTROL NUMBER
control field battleofbulgeabr00merr
003 - CONTROL NUMBER IDENTIFIER
control field CaSfIA
005 - DATE AND TIME OF LATEST TRANSACTION
control field 20210117191558.0
007 - PHYSICAL DESCRIPTION FIXED FIELD--GENERAL INFORMATION
fixed length control field cr||||
008 - FIXED-LENGTH DATA ELEMENTS--GENERAL INFORMATION
fixed length control field 750207s1957 nyu 000 0 eng d
010 ## - LIBRARY OF CONGRESS CONTROL NUMBER
LC control number 57001054
040 ## - CATALOGING SOURCE
Original cataloging agency LBE
Transcribing agency LBE
Modifying agency OCL
-- MIU
-- BUF
-- OCLCG
-- TXJ
-- CaSfIA
019 ## -
-- 2716732
020 ## - INTERNATIONAL STANDARD BOOK NUMBER
International Standard Book Number 0345025253
020 ## - INTERNATIONAL STANDARD BOOK NUMBER
International Standard Book Number 9780345025258
035 ## - SYSTEM CONTROL NUMBER
System control number (OCoLC)1163260
Canceled/invalid control number (OCoLC)2716732
050 14 - LIBRARY OF CONGRESS CALL NUMBER
Classification number D756.5.A7
Item number M4
092 ## - LOCALLY ASSIGNED DEWEY CALL NUMBER (OCLC)
Classification number 940.542
Item number M
100 1# - MAIN ENTRY--PERSONAL NAME
Personal name Merriam, Robert E.
Fuller form of name (Robert Edward),
Dates associated with a name 1918-
245 14 - TITLE STATEMENT
Title The Battle of the Bulge.
Medium [electronic resource]
Remainder of title (Abridged version of Dark December)
260 ## - PUBLICATION, DISTRIBUTION, ETC. (IMPRINT)
Place of publication, distribution, etc New York,
Name of publisher, distributor, etc Ballantine
Date of publication, distribution, etc [1957,c1947]
300 ## - PHYSICAL DESCRIPTION
Extent 182 p.
Dimensions 18 cm.
506 ## - RESTRICTIONS ON ACCESS NOTE
Standardized terminology for access restriction Необхідна авторизація на https://archive.org/ (створення облікового запису безкоштовно)
506 ## - RESTRICTIONS ON ACCESS NOTE
Standardized terminology for access restriction Необхідна авторизація на https://openlibrary.org/ (створення облікового запису безкоштовно)
650 #0 - SUBJECT ADDED ENTRY--TOPICAL TERM
Topical term or geographic name as entry element Ardennes, Battle of the, 1944-1945.
856 41 - ELECTRONIC LOCATION AND ACCESS
Uniform Resource Identifier <a href="http://www.archive.org/details/battleofbulgeabr00merr">http://www.archive.org/details/battleofbulgeabr00merr</a>
Public note Free eBook from the Internet Archive
856 42 - ELECTRONIC LOCATION AND ACCESS
Uniform Resource Identifier <a href="http://www.openlibrary.org/books/OL10681199M">http://www.openlibrary.org/books/OL10681199M</a>
Public note Additional information and access via Open Library
942 ## - ADDED ENTRY ELEMENTS (KOHA)
Koha item type ЕКнига

Немає доступних примірників.